Guess The Characters by The Minimalist Block Versions - Statistics

General Stats
  • This quiz has been taken 98 times
  • The average score is 16 of 32
Answer Stats
Picture Answer % Correct
The Hulk
95%
Minion
86%
Mickey Mouse
83%
Batman
81%
Homer Simpson
81%
Buzz Lightyear
76%
Genie
74%
Nemo
73%
Mr. Incredible
71%
Marge Simpson
70%
Shrek
70%
Shaggy
69%
Ariel
61%
Naruto
60%
Lisa Simpson
58%
Eric Cartman
54%
Stitch
54%
Fred Flintstone
51%
Papa Smurf
49%
Fiona
46%
Stewie
44%
Crewmate
43%
Daffy Duck
34%
Toad
29%
Mega Man
28%
Puss In Boots
25%
Beast
21%
Ryu
21%
Huggy Wuggy
13%
Brock
8%
Crash Bandicoot
6%
Gojo
5%
No matching quizzes found
Score Distribution
Percent of People with Each Score
Percentile by Number Answered
Your Score History
You have not taken this quiz